Technological Innovations and Circular Material Use in the Countries of the European Union

Gespeichert in:
Bibliographische Detailangaben
1. Verfasser: Grančičová, Katarína, 1967-
Weitere Verfasser: Šagátová, Slavka, 1975-
Format: Buchkapitel
Sprache:Englisch
Schlagworte:
Tags: Tag hinzufügen
Keine Tags, Fügen Sie das erste Tag hinzu!

MARC

LEADER 00000naa$a2200000$$$4500
001 0314391
005 20260126113045.6
041 0 |a eng 
044 |a SK 
245 1 0 |a Technological Innovations and Circular Material Use in the Countries of the European Union  |c Katarína Grančičová, Slavka Šagátová 
610 2 0 |a ekonómia 
610 2 0 |a manažment 
610 2 0 |a podnikanie 
610 2 0 |a digitalizácia 
610 2 0 |a financie 
100 1 |a Grančičová, Katarína, 1967- 
700 1 |a Šagátová, Slavka, 1975-